| 000 | 00441nam a22001337a 4500 | ||
|---|---|---|---|
| 005 | 20250927173926.0 | ||
| 008 | 250927b |||||||| |||| 00| 0 eng d | ||
| 020 |
_a9781843102953 _qpbk |
||
| 041 | _aeng | ||
| 082 |
_a155.937083 _bTUR |
||
| 100 | _aTurner Mary | ||
| 245 |
_a Someone Very Important Has Just Died : Immediate Help For People Caring For Children Of All Ages At The Time Of A Close Bereavement _c/Mary Turner |
||
| 942 | _cENGLISH | ||
| 999 |
_c589983 _d589983 |
||